000 00728nam a2200241 i 4500
001 9699
003 ES-MaACL
005 20230906145733.0
007 t|
008 931129s1993 sp ||||1| spa d
020 _a84-204-2685-7
080 _a84-32"19"
080 _a84(Yourcenar,M.7 V.03=6)
100 1 _aYourcenar, Marguerite.
_9117708
245 1 4 _aUna vuelta por mi cárcel /
_cMarguerite Yourcenar ; traducción de Emma Calatayud.
260 _aMadrid :
_bAlfaguara,
_cD.L. 1993.
300 _a199 p. ;
_c22 cm.
490 1 _aAlfaguara literaturas ;
_v356
700 1 _aCalatayud, Emma.
_933533
830 0 _aAlfaguara literaturas ;
_v356
_9177847
852 _aES-MaACL
_jL-17211
_bR.122181
999 _c9699
_d9699